000 01088nam0a22002651 4500
001 rc\418644
005 20250621080506.0
035 _a(NLR Aleph) 005666257
090 _a6925932
_c6925932
100 _a20030616d1987 |||y0rusy50 ca
101 0 _arus
102 _aRU
105 _aa |||||||||
200 1 _aВекторный анализ
_eМетод. пособие для студентов-заочников
_fН.Н. Гриневич, Г.В. Булат, Р.В. Чумакова
_gМ-во высш. и сред. спец. образования БССР, Мин. радиотехн. ин-т. Каф. высш. математики
210 _aМинск
_cМРТИ
_d1987
215 _a30 с.
_cграф.
_d20
320 _aБиблиогр.: с. 29
700 1 _aГриневич
_bН.Н.
_gНина Николаевна
701 1 _aБулат
_bГ.В.
_gГалина Васильевна
701 1 _aЧумакова
_bР.В.
_gРимма Викторовна
801 0 _aRU
_bNLR
_gpsbo
801 1 _aRU
_bELAR
_2rusmarc
852 _aNLR
_j88-4/6815
942 _cBOOK
980 _aNB